00301 a2200121 4500001000700000020002200007040003500029100001700064240004300081245003800124300000800162362000900170157353 a978-85-96-02184-5 cEscola São Tomás de Aquino aCARR, Stella10aOs criminosos vieram para o chálpor10aOs criminosos vieram para o chá a1190 a2019